000 00525nam a2200229Ia 4500
003 OSt
005 20220924142649.0
006 a|||||r|||| 00| 0
007 ta
008 ASM
024 _a302886
037 _cTextual
040 _aARTS
_cARTS
_bASM
041 _2ASM
_aASM
082 _aU8.24.N65, 158L6
100 _aBaradalay
_9212898
245 0 _aHimalaya abhiyan
260 _c1976
650 _aGEOGRAPHY
942 _hU8.24.N65, 158L6
_cTEXL
_2CC
999 _c451551
_d451551